| 000 | 00527nam a2200181Ia 4500 | ||
|---|---|---|---|
| 999 |
_c14883 _d14883 |
||
| 003 | OSt | ||
| 005 | 20201102094314.0 | ||
| 008 | 190216s9999||||xx |||||||||||||| ||und|| | ||
| 020 | _a9789350740163 | ||
| 040 | _coclc | ||
| 082 |
_a820.90091 _bVAR/C |
||
| 100 |
_aVarshney, G D _95533 |
||
| 245 | 0 |
_aContemporary English Literature / _cG D Varshney |
|
| 260 |
_bAbhijeet Publications, _c2012. _aNew Delhi: |
||
| 300 | _a286p | ||
| 650 | _aEnglish | ||
| 942 |
_cBK _2ddc _h820.90091 _iVAR/C _k820.90091 _mVAR/C |
||